La legítima historia de la W.M. Tácticas creadas en Inglaterra por el Arsenal de Londres en 1925.

Gespeichert in:
Bibliographische Detailangaben
1. Verfasser: Pastenes García, José Alberto (autor)
Format: Buch
Veröffentlicht: Almería, España: Circulo Rojo, 2022.
Ausgabe:Primera edición
Schlagworte:
Tags: Tag hinzufügen
Keine Tags, Fügen Sie den ersten Tag hinzu!

MARC

LEADER 00000nam a22000007a 4500
003 CL-VaPUC
005 20231205104539.0
008 231123t2022 ||||| |||| 00| 0 eng d
999 |c 442596  |d 442594 
020 |a 978-84-1137-581-8 
040 |c Pontificia Universidad Católica de Valparaíso 
082 0 4 |2 22  |a 796.334 PAS 2022 
100 1 |a Pastenes García, José Alberto  |e autor  |9 886175 
245 1 3 |a La legítima historia de la W.M.   |b Tácticas creadas en Inglaterra por el Arsenal de Londres en 1925. 
250 |a Primera edición 
260 |a Almería, España:  |b Circulo Rojo,  |c 2022. 
300 |a 76 páginas; fotografías. 
500 |a c.1-2. Donación Autor. 23-11-2023. 
583 |c 20231123  |k Catalogador Asistente 
600 |a Pastenes García, José Alberto  |d 1915-1993  |9 886287 
600 |a Platko, Franz  |q (Platko, Francisco)  |d 1898-1983  |9 886288 
650 1 |a Fútbol chileno   |x Biografías  |9 886289 
942 |2 ddc  |c BK 
952 |0 0  |1 0  |2 ddc  |4 0  |6 796_334000000000000_PAS_2022  |7 0  |8 A  |9 592625  |a BIBEDU  |b BIBEDU  |c GEN  |d 2023-11-23  |e Donación  |i 5659615  |o 796.334 PAS 2022  |p 5659615  |r 2023-11-23  |t 1  |w 2023-11-23  |y BK  |k EFI 
952 |0 0  |1 0  |2 ddc  |4 0  |6 796_334000000000000_PAS_2022  |7 0  |8 A  |9 592626  |a BIBCUR  |b BIBCUR  |c GEN  |d 2023-11-23  |e Donación  |i 5659616  |o 796.334 PAS 2022  |p 5659616  |r 2025-04-22  |t 2  |w 2023-11-23  |y BK  |k CAC